| 000 | 01192nam a2200313 c 4500 | ||
|---|---|---|---|
| 003 | BLK | ||
| 005 | 20230506024440.0 | ||
| 008 | 180411b bul|||||r ||||||| ||bul|| | ||
| 010 | _aKNG00180920000 | ||
| 020 |
_a954-8004-09-7 _bиздат.: Абагар-МК'90 |
||
| 040 | _aBLK | ||
| 041 |
_aBUL _cBUL |
||
| 080 |
_aАнглийска литература _b821.111 _x-93-31 _z821.111-93-31 |
||
| 100 | 1 |
_aРид, Томас Майн _d1818-1883 _eпърви автор _9365222 |
|
| 700 | 1 |
_aФролов, Ст. _eпрев. от англ. _9382926 |
|
| 139 |
_aРид, Томас Майн _bР 59 |
||
| 245 | 1 | 0 |
_aПриключения в пустинята _bРоман за юноши _cТомас Майн Рид; прев. от англ. Ст. Фролов. |
| 250 | _a2. осъвр. изд. | ||
| 257 | _aBGR | ||
| 260 |
_аСофия _bАбагар-МК'90 _c1992 _fВраца : ДФ Полипринт |
||
| 300 |
_a132 с. _c20см |
||
| 380 | _aX | ||
| 500 | _a1. изд. 1946 на изд. Мадара. - 20 000 тир. | ||
| 852 | _aЦб 167063 | ||
| 856 | 4 |
_qpdf _u |
|
| 856 | 4 |
_qpdf _u |
|
| 942 |
_cKNG _n0 |
||
| 944 |
_aCR _c03.09.2015 _kПравда_Бадева |
||
| 944 |
_aED _c03.09.2015 _kПравда_Бадева |
||
| 999 |
_c172582 _d172582 |
||